LEADER 00984nam a2200181 i 4500 001 000000022371 003 CaOOAMICUS 005 20250212094530.0 008 180830s19411946it u000 u ita u 040 $aSeMil$bita 245 02$aI papi del Duecento e l'aristotelismo. 264 1$aRoma :$bSALER :$bPontificia Università Gregoriana,$c1941-1946. 300 $a2 v. ;$c25 cm. 774 0 $aGrabmann, Martin <1875-1949>$tDivieti ecclesiastici di Aristotele sotto Innocenzo 3. e Gregorio 9..$dRoma : SALER, 1941.$kMiscellanea Historiae Pontificiae$g1$w()183071 774 0 $aGrabmann, Martin <1875-1949>$tGuglielmo di Moerbeke o.p. il traduttore delle opere di Aristotele.$dRoma : Pontificia Università Gregoriana, 1946.$kMiscellanea Historiae Pontificiae$w()183755 996 $6245$aI papi del Duecento e l'aristotelismo$9(OLS)http://semarc/title/29841 996 $6264$aRoma :$bSALER :$bPontificia Università Gregoriana$9(OLS)http://semarc/publisher/62234 LEADER 01497nam a2200337 i 4500 001 000000112985 003 CaOOAMICUS 005 20030310000000.0 008 030310s2000 it u000 u ita u 013 $a85669 020 $a88-07-17046-9 040 $aSeMil$bita 100 1 $aWallach, Lori.$0(OLS)http://semarc/name/47288 240 10$aWhose trade organization?.$0(OLS)http://semarc/title/164855 245 10$aWto :$btutto quello che non vi hanno mai detto sul commercio globale /$cLori Wallach ; Michelle Sforza ; traduzione di Ester Dornetti. 260 $aMilano :$bFeltrinelli,$c2000. 300 $a250 p. ;$c22 cm. 490 0 $aSerie bianca 500 $aFondo Card. C.M. Martini. 650 4$aCommercio - Accordi internazionali.$0(OLS)http://semarc/subject/20419 650 4$aOrganizzazione mondiale del commercio.$0(OLS)http://semarc/subject/20420 700 1 $aDornetti, Ester.$0(OLS)http://semarc/name/47290 700 1 $aSforza, Michelle.$0(OLS)http://semarc/name/47289 830 0$aSerie bianca.$0(OLS)http://semarc/title/10031 850 $aSeMil 852 $aSeMil$W1$xVenegono$y1$m3M III 43$j68702$B68702$CSeMilBibl$Z2$F95910 $81 941 1 $a4 961 $aOmaggio: Martini Card. Carlo Maria 996 $6020$a88-07-17046-9$9(OLS)http://semarc/number/95762 996 $6245$aWto :$btutto quello che non vi hanno mai detto sul commercio globale$9(OLS)http://semarc/title/164854 996 $6260$aMilano :$bFeltrinelli$9(OLS)http://semarc/publisher/30237 LEADER 01363nam a2200253 i 4500 001 000000187881 003 CaOOAMICUS 005 20100324000000.0 008 100324s1954 gw u000 u ger u 013 $a166005 040 $aSeMil$bita 240 00$aBibbia. Antico Testamento.$0(OLS)http://semarc/title/440679 245 14$aDas Buch Daniel, Das Buch der Klagenlieder, Das Buch Baruch /$cübersetzt und erklärt von Heinrich Schneider. 260 $aFreiburg :$bHerder,$c1954. 300 $a165 p. ;$c24 cm. 650 4$aBibbia. Antico Testamento. Lamentazioni - Commentari, studi, critica, interpretazioni.$0(OLS)http://semarc/subject/13557 650 4$aBibbia. Antico Testamento. Baruch - Commentari, studi, critica, interpretazioni.$0(OLS)http://semarc/subject/21059 650 4$aBibbia. Antico Testamento. Daniele - Commentari, studi, critica, interpretazioni.$0(OLS)http://semarc/subject/2498 700 1 $aSchneider, Heinrich.$0(OLS)http://semarc/name/68878 773 0 $tHeilige Schrift für das Leben erklärt.$dFreiburg : Herder, 1947.$gBd.9$w()23189 850 $aSeMil 852 $aSeMil$W1$xVenegono$y1$m2X III 197$j138562$B138562$CSeMilBibl$Z2$F150019 $81 996 $6245$aDas Buch Daniel, Das Buch der Klagenlieder, Das Buch Baruch$9(OLS)http://semarc/title/270326 996 $6260$aFreiburg :$bHerder$9(OLS)http://semarc/publisher/29811